<?xml version="1.0" encoding="UTF-8"?>
<marc:record xmlns:marc="http://www.loc.gov/MARC21/slim">
   <marc:leader>00000nam a2200000 a 4500</marc:leader>
   <marc:datafield ind1="1" ind2=" " tag="100">
      <marc:subfield code="a">Obrecht, Bettina</marc:subfield>
      <marc:subfield code="4">aut</marc:subfield>
      <marc:subfield code="e">Verfasser/-in</marc:subfield>
   </marc:datafield>
   <marc:datafield ind1="0" ind2="0" tag="245">
      <marc:subfield code="a">Eintagsküken</marc:subfield>
   </marc:datafield>
   <marc:datafield ind1="0" ind2="0" tag="245">
      <marc:subfield code="c">Bettina Obrecht</marc:subfield>
   </marc:datafield>
   <marc:datafield ind1=" " ind2="1" tag="264">
      <marc:subfield code="a">München</marc:subfield>
      <marc:subfield code="b">cbj</marc:subfield>
      <marc:subfield code="c">2017</marc:subfield>
   </marc:datafield>
   <marc:datafield ind1=" " ind2=" " tag="250">
      <marc:subfield code="a">Originalausgabe, 1. Auflage</marc:subfield>
   </marc:datafield>
   <marc:datafield ind1="1" ind2=" " tag="520">
      <marc:subfield code="a">Angaben aus der Verlagsmeldung

Eintagsküken / von Bettina Obrecht

Going viral: Youtube-Star über Nacht
Franziska ist eine, die unbequem ist; eine, die Fragen stellt. Muss sie wirklich so aalglatt funktionieren wie ihre beiden älteren Schwestern, die große Karriere machen? Fran träumt von einem anderen Leben. Aber sind unsere Träume nicht wie Eintagsküken?, fragt sich Fran. Träume, die vom System aussortiert werden, bevor sie richtig zum Leben erwachen können ... Als sie beginnt, Raptexte zu schreiben und Videos auf youtube stellt, wird sie plötzlich gehört. Abertausende Klicks, ein Erfolg wie eine Lawine, schon klopft eine Produktionsfirma an, Fran wird über Nacht zum Star. Doch ist das der Erfolg, von dem sie geträumt hat?
</marc:subfield>
   </marc:datafield>
   <marc:datafield ind1=" " ind2=" " tag="020">
      <marc:subfield code="a">9783570226131</marc:subfield>
      <marc:subfield code="9">9783570226131</marc:subfield>
   </marc:datafield>
   <marc:datafield ind1=" " ind2=" " tag="020">
      <marc:subfield code="a">3570226131</marc:subfield>
      <marc:subfield code="9">3570226131</marc:subfield>
   </marc:datafield>
   <marc:datafield ind1=" " ind2=" " tag="041">
      <marc:subfield code="a">ger</marc:subfield>
   </marc:datafield>
   <marc:datafield ind1=" " ind2=" " tag="300">
      <marc:subfield code="a">315 Seiten</marc:subfield>
   </marc:datafield>
</marc:record>
